|
|
|
|
| LEADER |
00709nam a22001931 4500 |
| 001 |
c000346620 |
| 003 |
CARM |
| 005 |
00000000000000.0 |
| 008 |
851003s1921 enk 0 eng d |
| 019 |
1 |
|
|a 3968957
|z 25060107
|5 LACONCORD2021
|
| 035 |
|
|
|a (OCoLC)188601
|5 LACONCORD2021
|
| 100 |
1 |
|
|a Chirol, Valentine,
|c Sir,
|d 1852-1929.
|
| 245 |
1 |
0 |
|a India old and new.
|
| 260 |
|
|
|a Lond. :
|b Macmillan,
|c 1921.
|
| 651 |
|
0 |
|a India
|x Politics and government
|y 1765-1947.
|
| 852 |
8 |
|
|b CARM
|h A1:AP37G0
|i B07962
|p 0354759
|f BK
|
| 082 |
0 |
4 |
|a 954
|
| 999 |
f |
f |
|i 6b9e38ee-3b13-577b-97c9-9011481edbd2
|s bc893d92-e280-5dc3-88b0-7a535f6aeca0
|
| 952 |
f |
f |
|p Can circulate
|a CAVAL
|b CAVAL
|c CAVAL
|d CARM 1 Store
|e B07962
|f A1:AP37G0
|h Other scheme
|i book
|m 0354759
|